| 000 | 01316nam a22002777a 4500 | ||
|---|---|---|---|
| 999 |
_c117482 _d117482 |
||
| 003 | dpl | ||
| 005 | 20190725115923.0 | ||
| 008 | 190725b ||||| |||| 00| 0 eng d | ||
| 010 | _aB-137538 | ||
| 020 |
_c00.00 _a8180692418 |
||
| 035 | _aB-137538, B-137564 | ||
| 037 | _bCen Lib/Ret | ||
| 040 |
_aDPL _bHN _c0 |
||
| 082 |
_aक _bश्रीवास्त |
||
| 100 |
_aश्रीवास्तवा, अवधनारायण _949449 |
||
| 245 |
_aदस्युरानी गुड़िया एवं अन्य कहानियाँ / _cअवधनारायण श्रीवास्तवा |
||
| 246 |
_aDasyurani gudiya ewam any kahaniyan / _bby Avadhnarayan Shrivastava |
||
| 260 |
_aनई दिल्ली _bकांसेप्ट पब्लिशिंग कम्पनी _c2005 |
||
| 270 |
_bनई दिल्ली _aए/15-16, कमर्शियल ब्लाक, मोहन गार्डन _e110059 |
||
| 300 |
_a216पृ. _c21सेमी(सजिल्द) |
||
| 650 |
_aहिन्दी साहित्य _974836 |
||
| 650 |
_aहिन्दी -- लघु कथाएँ _945972 |
||
| 650 |
_aHindi literature _974837 |
||
| 650 |
_aHindi -- Short stories _929625 |
||
| 942 |
_2ddc _cHN _hक _mश्रीवास्त |
||